Аттестация и рационализация рабочих мест на машиностроительных предприятиях. 1983-1986 гг. (Запись № 5346076)

Подробности
000 -МАРКЕР
контрольное поле 01264nam2a22002411 4500
001 - ИДЕНТИФИКАТОР ЗАПИСИ
контрольное поле rc\412793
005 - ИДЕНТИФИКАТОР ВЕРСИИ
контрольное поле 20250621134520.0
035 ## - ДРУГИЕ СИСТЕМНЫЕ НОМЕРА
Идентификатор записи (NLR Aleph) 005806252
100 ## - ДАННЫЕ ОБЩЕЙ ОБРАБОТКИ
Данные общей обработки 20030616d1987 |||y0rusy50 ca
101 0# - ЯЗЫК РЕСУРСА
Язык текста, звукозаписи и т.д. русский
102 ## - СТРАНА ПУБЛИКАЦИИ ИЛИ ПРОИЗВОДСТВА
Страна публикации Российская Федерация
105 ## - ПОЛЕ КОДИРОВАННЫХ ДАННЫХ: ТЕКСТОВЫЕ МАТЕРИАЛЫ, МОНОГРАФИЧЕСКИЕ
Кодированные данные о монографическом текстовом документе y |||||||||
200 0# - ЗАГЛАВИЕ И СВЕДЕНИЯ ОБ ОТВЕТСТВЕННОСТИ
Основное заглавие 1983-1986 гг.
Первые сведения об ответственности [Составитель Полякова Н.Б.]
210 ## - ПУБЛИКАЦИЯ, РАСПРОСТРАНЕНИЕ И ДР.
Дата издания, распространения и т.д. 1987
Место издания, распространения и т.д. Б. м.
215 ## - ФИЗИЧЕСКАЯ ХАРАКТЕРИСТИКА
Специфическое обозначение материала и объем 24, [1] с.
461 #0 - УРОВЕНЬ НАБОРА
Встроенное поле 001rc\412792
-- 2001#$aАттестация и рационализация рабочих мест на машиностроительных предприятиях$eАннот. указ. лит.$fВНИИ информ. и техн.-экон. исслед. в электротехнике$v1983-1986 гг.
Системный номер (АБИС) связанной записи 5346068
Место публикации М.
Дата публикации 1987
Первые сведения об ответственности ВНИИ информ. и техн.-экон. исслед. в электротехнике
Имя издателя, распространителя и т.д. Ин-т "Информэлектро"
Сведения, относящиеся к заглавию Аннот. указ. лит.
Заглавие Аттестация и рационализация рабочих мест на машиностроительных предприятиях
Номер тома 1983-1986 гг.
702 #1 - ИМЯ ЛИЦА - ВТОРИЧНАЯ ОТВЕТСТВЕННОСТЬ
Начальный элемент ввода Полякова
Часть имени, кроме начального элемента ввода Н.Б.
Код отношения Составитель
801 #0 - ИСТОЧНИК ЗАПИСИ
Страна Российская Федерация
Организация NLR
Правила каталогизации psbo
801 #1 - ИСТОЧНИК ЗАПИСИ
Страна Российская Федерация
Организация ELAR
Источник данных rusmarc
852 ## - МЕСТОНАХОЖДЕНИЕ И ШИФР ХРАНЕНИЯ
Идентификатор организации NLR
Наименование фонда или коллекции (Sub-Location Identifier) С
Шифр хранения (Call Number) К-2/4062
942 ## - ДОПОЛНИТЕЛЬНЫЕ ЭЛЕМЕНТЫ ЗАПИСИ (АБИС)
Тип экземпляра АБИС Книга
980 ## - КОЛЛЕКЦИЯ
Название коллекции Национальная библиография
Экземпляры
Тип экземпляра Дата поступления Библиотека постоянного хранения Библиотека текущего хранения Место хранения Шифр хранения Штрих-код Статус экземпляра
Книга 26.10.2013 РНБ (Московский) РНБ (Московский) Центральная справочная библиотека С К-2/4062 1-2571244